Sports Quiz

Random Sports or Famous Quiz

Soccer Club by Famous Debutant Quiz Stats

 Plays Quiz not verified by Sporcle

Score 0/44 Timer 10:00
11 Plays Today
Player 1 Answer % Correct
Lionel MessiBarcelona
83.7%
Steven Gerrard Liverpool
83.4%
RaúlReal Madrid
81.6%
Francesco Totti AS Roma
81.3%
Marco van BastenAjax
80%
Luís FigoSporting CP
79.7%
David Beckham Manchester United
79.5%
Tony Adams Arsenal
78.2%
Jimmy GreavesChelsea
75.6%
Franco Baresi AC Milan
75.1%
Fernando TorresAtletico Madrid
75.1%
Pelé Santos
73.3%
Bobby Moore West Ham
72.8%
Lilian ThuramMonaco
72.1%
Franz BeckenbauerBayern Munich
70.2%
Alan ShearerSouthampton
69.8%
Juan Roman Riquelme Boca Juniors
68.7%
Sol CampbellTottenham Hotspur
66.7%
Manuel NeuerSchalke 04
65.5%
Paolo RossiJuventus
63.5%
Vítor BaíaPorto
62.1%
Giuseppe MeazzaInternazionale
53.6%
Player 1 Answer % Correct
Enzo ScifoAnderlecht
53.3%
Kenny DalglishCeltic
51%
Alfredo Di StéfanoRiver Plate
45.9%
Arjen RobbenGroningen
32.7%
KakáSão Paulo
29%
Fabio CannavaroNapoli
28.5%
Ronaldinho Grêmio
28.2%
Sergio AgüeroIndependiente
24.7%
ZicoFlamengo
21.8%
Zinedine ZidaneCannes
20.6%
Marcel Desailly Nantes
19.3%
Carlos Alberto Fluminense
15.6%
Ronaldo Cruzeiro
15.3%
Lothar MatthäusBorussia Monchengladbach
14.8%
RivelinoCorinthians
14.5%
Diego Maradona Argentinos Juniors
13.5%
Gabriel Batistuta Newell's Old Boys
12.7%
JairzinhoBotafogo
12%
Franck RibéryBoulogne
9.8%
Edinson Cavani Danubio
7.6%
Cláudio TaffarelInternacional
7.2%
BebetoVitória
4.7%

You're not logged in!

Compare scores with friends on all Sporcle quizzes.
OR
Log In

You Might Also Like...

Show Comments

Extras

Top Quizzes Today


Score Distribution

Your Account Isn't Verified!

In order to create a playlist on Sporcle, you need to verify the email address you used during registration. Go to your Sporcle Settings to finish the process.

Report this User

Report this user for behavior that violates our Community Guidelines.

Details: